[Event "DEM U12w 2021"]
[Site "Willingen GER"]
[Date "2021.08.26"]
[Round "5"]
[White "Vogt, Luna"]
[Black "Niederdorfer, Mathilda"]
[Result "1-0"]
[Termination "normal"]
[Board "20"]
[WhiteElo "1147"]
[BlackElo "1264"]
[WhiteClock "00:17:12"]
[BlackClock "00:59:47"]
[PlyCount "57"]
[WhiteFideId "34607153"]
[BlackFideId "16275845"]
[EventCountry "GER"]
[EventRounds "9"]
[EventType "swiss"]
[EventDate "2021.08.22"]

1. d4 {[%clk 1:30:58]} d5 {[%clk 1:30:55]} 2. c4 {[%clk 1:31:24]} e6 {[%clk
1:31:18]} 3. Nf3 {[%clk 1:31:46]} c6 {[%clk 1:30:56]} 4. Nc3 {[%clk 1:31:54]}
f5 {[%clk 1:31:22]} 5. Bf4 {[%clk 1:32:16]} Nf6 {[%clk 1:31:37]} 6. e3 {[%clk
1:32:34]} Bd6 {[%clk 1:32:01]} 7. Bd3 {[%clk 1:32:25]} O-O {[%clk 1:32:15]} 8.
Qc2 {[%clk 1:28:56]} Ne4 {[%clk 1:31:06]} 9. O-O-O {[%clk 1:18:43]} c5 {[%clk
1:21:35]} 10. g4 {[%clk 1:08:34]} cxd4 {[%clk 1:21:33]} 11. Nxd4 {[%clk
1:05:36]} e5 {[%clk 1:21:52]} 12. gxf5 {[%clk 0:58:50]} exf4 {[%clk 1:21:44]}
13. Nxe4 {[%clk 0:58:41]} dxe4 {[%clk 1:22:07]} 14. Bxe4 {[%clk 0:58:22]} Qa5
{[%clk 1:16:02]} 15. Rhg1 {[%clk 0:47:10]} Kh8 {[%clk 1:10:25]} 16. Ne6 {[%clk
0:41:08]} Bxe6 {[%clk 1:10:11]} 17. fxe6 {[%clk 0:41:24]} Qb6 {[%clk 1:07:53]}
18. Bxh7 {[%clk 0:40:16]} Be5 {[%clk 1:07:45]} 19. Be4 {[%clk 0:31:19]} Nc6
{[%clk 1:07:23]} 20. Rd7 {[%clk 0:29:29]} Na5 {[%clk 1:05:14]} 21. Bd5 {[%clk
0:23:35]} fxe3 {[%clk 1:03:59]} 22. Rg5 {[%clk 0:22:33]} Bxb2+ {[%clk 0:59:16]}
23. Qxb2 {[%clk 0:20:26]} Qxb2+ {[%clk 0:59:38]} 24. Kxb2 {[%clk 0:20:48]}
Rxf2+ {[%clk 1:00:01]} 25. Kc3 {[%clk 0:20:07]} Rxh2 {[%clk 1:00:25]} 26. e7
{[%clk 0:17:51]} Re8 {[%clk 0:59:05]} 27. Rd8 {[%clk 0:17:28]} e2 {[%clk
0:59:30]} 28. Rxe8+ {[%clk 0:17:39]} Kh7 {[%clk 0:59:47]} 29. Rh8+ {[%clk
0:17:12]} 1-0

[Event "DEM U12w 2021"]
[Site "Willingen GER"]
[Date "2021.08.26"]
[Round "6"]
[White "Sickmann, Lisa"]
[Black "Müller, Riyanna"]
[Result "0-1"]
[Termination "normal"]
[Board "1"]
[WhiteElo "1462"]
[BlackElo "1421"]
[WhiteClock "00:32:12"]
[BlackClock "00:07:02"]
[PlyCount "120"]
[WhiteFideId "16267818"]
[BlackFideId "16287401"]
[EventCountry "GER"]
[EventRounds "9"]
[EventType "swiss"]
[EventDate "2021.08.22"]

1. e4 {[%clk 1:30:58]} e5 {[%clk 1:30:52]} 2. Nf3 {[%clk 1:31:23]} Nc6 {[%clk
1:31:14]} 3. Bb5 {[%clk 1:31:48]} a6 {[%clk 1:31:23]} 4. Ba4 {[%clk 1:32:13]}
Nf6 {[%clk 1:31:22]} 5. d3 {[%clk 1:32:35]} b5 {[%clk 1:30:53]} 6. Bb3 {[%clk
1:33:01]} Bc5 {[%clk 1:30:40]} 7. Bg5 {[%clk 1:31:40]} h6 {[%clk 1:28:45]} 8.
Bh4 {[%clk 1:31:42]} d6 {[%clk 1:27:57]} 9. c3 {[%clk 1:29:30]} Bg4 {[%clk
1:26:42]} 10. h3 Bh5 {[%clk 1:25:43]} 11. Nbd2 {[%clk 1:19:24]} g5 {[%clk
1:22:41]} 12. Bg3 {[%clk 1:16:55]} Qd7 {[%clk 1:19:08]} 13. Qc2 {[%clk
1:15:06]} Bg6 {[%clk 1:16:06]} 14. Nf1 {[%clk 1:11:57]} O-O {[%clk 1:11:35]}
15. Ne3 {[%clk 1:11:10]} Ne7 {[%clk 1:08:22]} 16. O-O {[%clk 1:09:25]} Kg7
{[%clk 1:05:01]} 17. Qd2 {[%clk 1:00:00]} Rh8 {[%clk 1:01:12]} 18. Bc2 {[%clk
0:58:44]} Bb6 {[%clk 0:53:54]} 19. d4 {[%clk 0:50:36]} exd4 {[%clk 0:52:36]}
20. Nxd4 {[%clk 0:48:38]} Bxe4 {[%clk 0:50:37]} 21. Bxe4 {[%clk 0:46:22]} Nxe4
{[%clk 0:50:53]} 22. Qd3 {[%clk 0:46:30]} d5 {[%clk 0:48:34]} 23. Rad1 {[%clk
0:36:06]} Rhe8 {[%clk 0:42:29]} 24. Kh1 {[%clk 0:26:18]} f6 {[%clk 0:35:59]}
25. b3 {[%clk 0:24:31]} Rad8 {[%clk 0:31:49]} 26. Nf3 {[%clk 0:21:04]} Bxe3
{[%clk 0:30:23]} 27. Qxe3 {[%clk 0:20:56]} Nf5 {[%clk 0:30:38]} 28. Qd3 {[%clk
0:19:35]} Nexg3+ {[%clk 0:30:40]} 29. fxg3 {[%clk 0:19:54]} Nxg3+ {[%clk
0:31:01]} 30. Kh2 {[%clk 0:20:13]} Nxf1+ {[%clk 0:31:13]} 31. Rxf1 {[%clk
0:20:37]} c5 {[%clk 0:30:46]} 32. Rd1 {[%clk 0:20:41]} Qc7+ {[%clk 0:29:27]}
33. Kg1 {[%clk 0:20:43]} a5 {[%clk 0:28:13]} 34. Qxb5 {[%clk 0:20:54]} Qg3
{[%clk 0:16:15]} 35. Rxd5 {[%clk 0:14:49]} Rxd5 {[%clk 0:09:59]} 36. Qb7+
{[%clk 0:14:23]} Kg6 {[%clk 0:09:48]} 37. Qxd5 {[%clk 0:14:38]} Qc7 {[%clk
0:06:38]} 38. Qd3+ {[%clk 0:14:38]} Kg7 {[%clk 0:06:41]} 39. Kf2 {[%clk
0:13:22]} Rd8 {[%clk 0:05:44]} 40. Qc4 {[%clk 0:12:54]} h5 {[%clk 0:04:33]} 41.
g3 {[%clk 0:12:11]} Rd1 {[%clk 0:02:11]} 42. Nd4 {[%clk 0:08:25]} Qe5 {[%clk
0:22:29]} 43. Qe2 {[%clk 0:30:51]} Qxe2+ {[%clk 0:20:56]} 44. Kxe2 {[%clk
0:31:02]} Rh1 {[%clk 0:14:00]} 45. Ne6+ {[%clk 0:31:13]} Kf7 {[%clk 0:14:21]}
46. Nxc5 {[%clk 0:31:32]} Rxh3 {[%clk 0:14:33]} 47. Kf3 {[%clk 0:31:47]} h4
{[%clk 0:13:28]} 48. Ne4 {[%clk 0:31:48]} hxg3 {[%clk 0:12:39]} 49. Nxg3 {[%clk
0:31:47]} Rh2 {[%clk 0:12:32]} 50. Ne2 {[%clk 0:31:24]} f5 {[%clk 0:11:18]} 51.
a4 {[%clk 0:31:36]} g4+ {[%clk 0:11:12]} 52. Ke3 {[%clk 0:31:33]} Rh3+ {[%clk
0:10:11]} 53. Kf4 {[%clk 0:31:02]} Rf3+ {[%clk 0:10:06]} 54. Kg5 {[%clk
0:31:20]} g3 {[%clk 0:10:05]} 55. b4 {[%clk 0:31:41]} axb4 {[%clk 0:07:39]} 56.
cxb4 {[%clk 0:31:55]} g2 {[%clk 0:07:44]} 57. a5 {[%clk 0:31:36]} Rf1 {[%clk
0:07:45]} 58. a6 {[%clk 0:31:24]} g1=Q+ {[%clk 0:07:49]} 59. Nxg1 {[%clk
0:31:48]} Rxg1+ {[%clk 0:08:12]} 60. Kxf5 {[%clk 0:32:12]} Rb1 {[%clk 0:07:02]}
0-1

[Event "DEM U12w 2021"]
[Site "Willingen GER"]
[Date "2021.08.26"]
[Round "6"]
[White "Huber, Laura"]
[Black "Lorenz, Veronika"]
[Result "1-0"]
[Termination "normal"]
[Board "2"]
[WhiteElo "1265"]
[BlackElo "1395"]
[WhiteClock "00:05:34"]
[BlackClock "00:09:09"]
[PlyCount "89"]
[WhiteFideId "16270940"]
[BlackFideId "16277406"]
[EventCountry "GER"]
[EventRounds "9"]
[EventType "swiss"]
[EventDate "2021.08.22"]

1. e4 {[%clk 1:30:58]} c5 {[%clk 1:30:42]} 2. Nc3 {[%clk 1:31:13]} Nc6 {[%clk
1:31:03]} 3. f4 {[%clk 1:31:33]} g6 {[%clk 1:31:10]} 4. Nf3 {[%clk 1:31:20]}
Bg7 {[%clk 1:31:03]} 5. g3 {[%clk 1:31:08]} e6 {[%clk 1:29:31]} 6. Bg2 {[%clk
1:30:29]} Nge7 {[%clk 1:29:04]} 7. O-O {[%clk 1:29:57]} d5 {[%clk 1:21:35]} 8.
d3 {[%clk 1:28:40]} O-O {[%clk 1:19:34]} 9. g4 {[%clk 1:22:23]} Qc7 {[%clk
1:05:58]} 10. Nh4 {[%clk 0:57:10]} Rd8 {[%clk 0:57:01]} 11. f5 {[%clk 0:53:20]}
Bd4+ {[%clk 0:35:10]} 12. Kh1 {[%clk 0:52:05]} exf5 {[%clk 0:31:21]} 13. gxf5
{[%clk 0:34:35]} dxe4 {[%clk 0:22:01]} 14. Bxe4 {[%clk 0:31:11]} Kg7 {[%clk
0:18:01]} 15. Nb5 {[%clk 0:19:36]} Qe5 {[%clk 0:13:10]} 16. Nxd4 {[%clk
0:19:28]} Nxd4 {[%clk 0:13:02]} 17. f6+ {[%clk 0:18:41]} Kg8 {[%clk 0:13:10]}
18. fxe7 {[%clk 0:16:52]} Qxe7 {[%clk 0:13:34]} 19. Ng2 {[%clk 0:15:35]} Bh3
{[%clk 0:12:49]} 20. c3 {[%clk 0:14:36]} Ne6 {[%clk 0:10:42]} 21. Qf3 {[%clk
0:13:24]} Bxg2+ {[%clk 0:10:04]} 22. Qxg2 {[%clk 0:13:41]} Ng7 {[%clk 0:09:29]}
23. Bxb7 {[%clk 0:12:25]} Rab8 {[%clk 0:09:26]} 24. Ba6 {[%clk 0:12:38]} Rb6
{[%clk 0:09:23]} 25. Bc4 {[%clk 0:12:59]} Nf5 {[%clk 0:09:33]} 26. Rxf5 {[%clk
0:12:23]} Qe1+ {[%clk 0:09:55]} 27. Rf1 {[%clk 0:12:37]} Qe5 {[%clk 0:09:59]}
28. Bxf7+ {[%clk 0:12:07]} Kg7 {[%clk 0:10:21]} 29. Bc4 {[%clk 0:11:58]} Re8
{[%clk 0:10:38]} 30. Bf4 {[%clk 0:11:17]} Qe2 {[%clk 0:10:17]} 31. Qxe2 {[%clk
0:11:24]} Rxe2 {[%clk 0:10:45]} 32. b3 {[%clk 0:11:23]} Rb7 {[%clk 0:10:16]}
33. a4 {[%clk 0:11:19]} Rc2 {[%clk 0:10:33]} 34. Rac1 {[%clk 0:11:19]} Rb2
{[%clk 0:10:54]} 35. Be5+ {[%clk 0:11:31]} Kh6 {[%clk 0:11:06]} 36. Rf7 {[%clk
0:11:36]} Rb6 {[%clk 0:10:46]} 37. Bf4+ {[%clk 0:11:11]} g5 {[%clk 0:10:51]}
38. Be5 {[%clk 0:11:18]} Kh5 {[%clk 0:10:26]} 39. Rxh7+ {[%clk 0:11:38]} Kg4
{[%clk 0:10:41]} 40. d4 {[%clk 0:09:56]} cxd4 {[%clk 0:08:49]} 41. Bxd4 {[%clk
0:10:05]} Rd6 {[%clk 0:08:39]} 42. Rg1+ {[%clk 0:09:49]} Kf5 {[%clk 0:08:59]}
43. Rf1+ Kg4 {[%clk 0:09:11]} 44. h3+ {[%clk 0:05:34]} Kg3 {[%clk 0:09:09]} 45.
Be5# 1-0

[Event "DEM U12w 2021"]
[Site "Willingen GER"]
[Date "2021.08.26"]
[Round "6"]
[White "Neininger, Sarah"]
[Black "Bauer, Laura Sophie"]
[Result "1-0"]
[Termination "normal"]
[Board "3"]
[WhiteElo "1434"]
[BlackElo "1309"]
[WhiteClock "00:28:16"]
[BlackClock "00:06:33"]
[PlyCount "79"]
[WhiteFideId "16287410"]
[BlackFideId "16253647"]
[EventCountry "GER"]
[EventRounds "9"]
[EventType "swiss"]
[EventDate "2021.08.22"]

1. e4 {[%clk 1:30:53]} c5 {[%clk 1:30:54]} 2. Nc3 {[%clk 1:31:11]} Nc6 {[%clk
1:31:19]} 3. Bb5 {[%clk 1:31:29]} g6 {[%clk 1:30:43]} 4. Bxc6 {[%clk 1:31:34]}
bxc6 {[%clk 1:31:07]} 5. d3 {[%clk 1:31:48]} Bg7 {[%clk 1:31:23]} 6. f4 {[%clk
1:31:59]} e6 {[%clk 1:31:20]} 7. Nf3 {[%clk 1:32:08]} d5 {[%clk 1:29:57]} 8.
O-O {[%clk 1:32:06]} Ne7 {[%clk 1:29:58]} 9. Na4 {[%clk 1:29:48]} Qa5 {[%clk
1:28:36]} 10. c4 {[%clk 1:29:04]} Rb8 {[%clk 1:25:18]} 11. Rb1 {[%clk 1:28:25]}
O-O {[%clk 1:24:37]} 12. b3 {[%clk 1:28:04]} dxc4 {[%clk 1:16:18]} 13. dxc4
{[%clk 1:28:11]} Rd8 {[%clk 1:14:43]} 14. Qe1 {[%clk 1:25:47]} Qb4 {[%clk
1:10:54]} 15. a3 {[%clk 1:18:26]} Qxe1 {[%clk 1:01:01]} 16. Rxe1 {[%clk
1:18:26]} Ba6 {[%clk 0:57:07]} 17. Nd2 {[%clk 1:10:54]} Bd4+ {[%clk 0:56:01]}
18. Kh1 {[%clk 1:11:01]} Nc8 {[%clk 0:56:00]} 19. Bb2 {[%clk 1:09:01]} Nb6
{[%clk 0:55:53]} 20. Bxd4 {[%clk 1:05:16]} Nxa4 {[%clk 0:53:22]} 21. Be3 {[%clk
1:00:13]} Nc3 {[%clk 0:50:50]} 22. Rbc1 {[%clk 0:58:53]} Rd3 {[%clk 0:49:22]}
23. Bxc5 {[%clk 0:57:46]} Rxd2 {[%clk 0:48:56]} 24. Rxc3 {[%clk 0:57:58]} Rb7
{[%clk 0:48:26]} 25. h3 {[%clk 0:52:40]} Rbd7 {[%clk 0:45:41]} 26. Kh2 {[%clk
0:50:43]} Kg7 {[%clk 0:40:12]} 27. b4 {[%clk 0:48:14]} R2d3 {[%clk 0:34:21]}
28. Rec1 {[%clk 0:46:28]} Rd2 {[%clk 0:32:49]} 29. R1c2 {[%clk 0:42:29]} Rd1
{[%clk 0:31:43]} 30. Ra2 {[%clk 0:40:55]} R1d3 {[%clk 0:28:06]} 31. Rxd3 {[%clk
0:38:49]} Rxd3 {[%clk 0:28:27]} 32. Bxa7 {[%clk 0:39:02]} Bxc4 {[%clk 0:28:42]}
33. Ra1 {[%clk 0:38:56]} Rb3 {[%clk 0:23:51]} 34. Bc5 {[%clk 0:37:26]} Rd3
{[%clk 0:20:12]} 35. a4 {[%clk 0:35:37]} Ba6 {[%clk 0:19:51]} 36. Rc1 {[%clk
0:33:26]} h5 {[%clk 0:14:55]} 37. Be7 {[%clk 0:29:51]} Rd7 {[%clk 0:10:33]} 38.
Bc5 {[%clk 0:28:40]} Rd3 {[%clk 0:07:50]} 39. Rb1 {[%clk 0:28:16]} Rc3 {[%clk
0:06:33]} 40. Bd4+ 1-0

[Event "DEM U12w 2021"]
[Site "Willingen GER"]
[Date "2021.08.26"]
[Round "6"]
[White "Hergenröder, Cora"]
[Black "Müller, Cosima"]
[Result "0-1"]
[Termination "normal"]
[Board "4"]
[WhiteElo "1463"]
[BlackElo "1389"]
[WhiteClock "00:03:38"]
[BlackClock "00:56:20"]
[PlyCount "80"]
[WhiteFideId "34603700"]
[BlackFideId "34601490"]
[EventCountry "GER"]
[EventRounds "9"]
[EventType "swiss"]
[EventDate "2021.08.22"]

1. d4 {[%clk 1:30:59]} Nf6 {[%clk 1:30:53]} 2. Nf3 {[%clk 1:31:26]} d6 {[%clk
1:29:52]} 3. e3 {[%clk 1:30:59]} g6 {[%clk 1:28:55]} 4. Bd3 {[%clk 1:30:24]}
Bg7 {[%clk 1:28:19]} 5. Nbd2 {[%clk 1:29:46]} Nc6 {[%clk 1:26:50]} 6. O-O
{[%clk 1:22:50]} O-O {[%clk 1:27:13]} 7. b3 {[%clk 1:21:01]} e5 {[%clk
1:23:13]} 8. dxe5 {[%clk 1:17:22]} Nxe5 {[%clk 1:20:43]} 9. Nxe5 {[%clk
1:15:28]} dxe5 {[%clk 1:21:04]} 10. e4 {[%clk 1:12:40]} Bg4 {[%clk 1:19:29]}
11. f3 {[%clk 1:08:43]} Qd4+ {[%clk 1:18:16]} 12. Kh1 {[%clk 1:04:43]} Qxa1
{[%clk 1:18:21]} 13. fxg4 {[%clk 1:03:59]} Qxa2 {[%clk 1:16:30]} 14. Nc4 {[%clk
1:04:10]} Qa1 {[%clk 1:15:30]} 15. Qe2 {[%clk 1:03:06]} Qd4 {[%clk 1:15:05]}
16. Bb2 {[%clk 1:01:39]} Qd8 {[%clk 1:14:45]} 17. Nxe5 {[%clk 1:01:05]} Re8
{[%clk 1:14:06]} 18. g5 {[%clk 1:00:22]} Nd7 {[%clk 1:08:35]} 19. Nxf7 {[%clk
0:53:48]} Qe7 {[%clk 1:08:19]} 20. Bxg7 {[%clk 0:47:50]} Kxg7 21. Qd2 {[%clk
0:38:23]} Qc5 {[%clk 1:04:22]} 22. Qc1 {[%clk 0:31:16]} Qd4 {[%clk 1:01:59]}
23. Rd1 {[%clk 0:22:14]} Qc3 {[%clk 0:58:49]} 24. Nh6 {[%clk 0:20:19]} Rf8
{[%clk 0:57:23]} 25. h3 {[%clk 0:14:48]} Ne5 {[%clk 0:56:14]} 26. Qa1 {[%clk
0:11:55]} Qxa1 {[%clk 0:55:52]} 27. Rxa1 {[%clk 0:12:19]} Nxd3 {[%clk 0:55:53]}
28. cxd3 {[%clk 0:12:43]} a5 {[%clk 0:56:11]} 29. Ng4 {[%clk 0:12:34]} Rfd8
{[%clk 0:55:58]} 30. Rc1 {[%clk 0:11:23]} c6 {[%clk 0:56:10]} 31. Rd1 {[%clk
0:09:37]} b5 {[%clk 0:56:15]} 32. d4 {[%clk 0:06:17]} a4 {[%clk 0:56:07]} 33.
b4 {[%clk 0:05:52]} a3 {[%clk 0:56:12]} 34. d5 {[%clk 0:05:09]} cxd5 {[%clk
0:56:17]} 35. exd5 {[%clk 0:05:30]} a2 {[%clk 0:56:39]} 36. Ra1 {[%clk
0:05:54]} Rxd5 {[%clk 0:56:58]} 37. Ne3 {[%clk 0:04:50]} Rxg5 {[%clk 0:56:39]}
38. Nd1 {[%clk 0:04:51]} Rg3 {[%clk 0:55:54]} 39. Kg1 {[%clk 0:04:46]} Rb3
{[%clk 0:56:12]} 40. g4 {[%clk 0:03:38]} Rb1 {[%clk 0:56:20]} 0-1

[Event "DEM U12w 2021"]
[Site "Willingen GER"]
[Date "2021.08.26"]
[Round "6"]
[White "Flierl, Veronika"]
[Black "Wartenberg, Alissa"]
[Result "0-1"]
[Termination "normal"]
[Board "5"]
[WhiteElo "1372"]
[BlackElo "1562"]
[WhiteClock "00:07:44"]
[BlackClock "00:12:00"]
[PlyCount "108"]
[WhiteFideId "34603697"]
[BlackFideId "16280741"]
[EventCountry "GER"]
[EventRounds "9"]
[EventType "swiss"]
[EventDate "2021.08.22"]

1. e4 {[%clk 1:30:58]} e5 {[%clk 1:30:56]} 2. Nf3 {[%clk 1:31:23]} Nc6 {[%clk
1:31:24]} 3. Bc4 {[%clk 1:31:44]} Bc5 {[%clk 1:31:48]} 4. c3 {[%clk 1:31:15]}
Nf6 {[%clk 1:32:03]} 5. d4 {[%clk 1:31:34]} exd4 {[%clk 1:32:25]} 6. e5 {[%clk
1:31:53]} d5 {[%clk 1:32:36]} 7. Bb5 {[%clk 1:32:12]} Ne4 {[%clk 1:32:52]} 8.
cxd4 {[%clk 1:32:34]} Bb6 {[%clk 1:33:09]} 9. Nc3 {[%clk 1:30:34]} Bg4 {[%clk
1:31:35]} 10. Bxc6+ bxc6 {[%clk 1:31:57]} 11. Be3 {[%clk 1:30:21]} Nxc3 {[%clk
1:31:32]} 12. bxc3 {[%clk 1:30:39]} O-O {[%clk 1:31:42]} 13. O-O {[%clk
1:30:31]} Re8 {[%clk 1:30:19]} 14. Bf4 {[%clk 1:08:38]} c5 {[%clk 1:19:00]} 15.
Qd3 {[%clk 0:53:40]} Bxf3 {[%clk 1:14:40]} 16. Qxf3 {[%clk 0:50:41]} cxd4
{[%clk 1:14:59]} 17. cxd4 {[%clk 0:50:57]} Bxd4 {[%clk 1:15:14]} 18. Rad1
{[%clk 0:51:10]} c5 {[%clk 1:14:29]} 19. Be3 {[%clk 0:41:35]} Rxe5 {[%clk
0:59:00]} 20. Bxd4 {[%clk 0:41:04]} cxd4 {[%clk 0:59:23]} 21. Rxd4 {[%clk
0:41:04]} Qd6 {[%clk 0:57:23]} 22. Rfd1 {[%clk 0:39:10]} Rae8 {[%clk 0:56:31]}
23. g3 {[%clk 0:33:47]} Re1+ {[%clk 0:51:35]} 24. Rxe1 {[%clk 0:33:22]} Rxe1+
{[%clk 0:51:58]} 25. Kg2 {[%clk 0:33:44]} Re5 {[%clk 0:46:25]} 26. Qb3 {[%clk
0:25:01]} h6 {[%clk 0:40:59]} 27. Qb7 {[%clk 0:19:14]} a6 {[%clk 0:35:19]} 28.
Qc8+ {[%clk 0:15:03]} Kh7 {[%clk 0:35:35]} 29. Qc2+ {[%clk 0:15:18]} Qg6 {[%clk
0:34:31]} 30. Qc5 {[%clk 0:14:38]} Qe6 {[%clk 0:30:36]} 31. Qc2+ {[%clk
0:12:05]} g6 {[%clk 0:29:16]} 32. Qc5 {[%clk 0:10:27]} Rh5 {[%clk 0:24:19]} 33.
h4 {[%clk 0:09:40]} Re5 {[%clk 0:24:15]} 34. a3 {[%clk 0:09:16]} Kg7 {[%clk
0:22:52]} 35. a4 {[%clk 0:08:13]} Re4 36. Rxd5 {[%clk 0:05:23]} Rxa4 {[%clk
0:19:44]} 37. Re5 {[%clk 0:04:38]} Qd7 {[%clk 0:17:08]} 38. Re7 {[%clk
0:04:24]} Qd4 {[%clk 0:17:10]} 39. Qc6 {[%clk 0:02:20]} Qc4 {[%clk 0:15:10]}
40. Qd6 {[%clk 0:01:33]} Ra5 {[%clk 0:13:40]} 41. Kh2 {[%clk 0:27:40]} Qd5
{[%clk 0:43:05]} 42. Qc7 {[%clk 0:26:04]} Ra3 {[%clk 0:35:55]} 43. Rd7 {[%clk
0:19:27]} Qf5 {[%clk 0:34:38]} 44. Rd2 {[%clk 0:17:39]} Kh7 {[%clk 0:30:06]}
45. Qb7 {[%clk 0:15:54]} Qf3 {[%clk 0:24:06]} 46. Qb2 {[%clk 0:14:18]} Qc3
{[%clk 0:17:45]} 47. Qb7 {[%clk 0:13:25]} Qb3 {[%clk 0:16:21]} 48. Qc7 {[%clk
0:11:49]} Qf3 {[%clk 0:14:06]} 49. Qe5 {[%clk 0:11:22]} Rd3 {[%clk 0:11:46]}
50. Rxd3 {[%clk 0:07:39]} Qxf2+ {[%clk 0:10:44]} 51. Kh3 {[%clk 0:07:55]} Qf1+
{[%clk 0:11:10]} 52. Kh2 {[%clk 0:08:19]} Qxd3 {[%clk 0:11:34]} 53. Qf6 {[%clk
0:07:44]} Qe2+ {[%clk 0:11:35]} 54. Kh3 {[%clk 0:07:44]} Qe6+ {[%clk 0:12:00]}
0-1

[Event "DEM U12w 2021"]
[Site "Willingen GER"]
[Date "2021.08.26"]
[Round "6"]
[White "Bangiev, Katharina"]
[Black "Burlutskaia, Maria"]
[Result "0-1"]
[Termination "normal"]
[Board "6"]
[WhiteElo "1477"]
[BlackElo "1337"]
[WhiteClock "00:27:03"]
[BlackClock "01:02:24"]
[PlyCount "84"]
[WhiteFideId "16267230"]
[BlackFideId "34607137"]
[EventCountry "GER"]
[EventRounds "9"]
[EventType "swiss"]
[EventDate "2021.08.22"]

1. e4 {[%clk 1:30:57]} d6 {[%clk 1:30:52]} 2. d4 {[%clk 1:30:38]} Nf6 {[%clk
1:31:12]} 3. Nc3 {[%clk 1:30:40]} Nbd7 {[%clk 1:31:36]} 4. Nf3 {[%clk 1:29:39]}
e5 {[%clk 1:31:57]} 5. Bc4 {[%clk 1:28:48]} c6 {[%clk 1:29:36]} 6. O-O {[%clk
1:22:15]} Be7 {[%clk 1:27:20]} 7. Bb3 {[%clk 1:18:11]} O-O {[%clk 1:25:41]} 8.
h3 {[%clk 1:16:39]} exd4 {[%clk 1:24:52]} 9. Nxd4 {[%clk 1:16:40]} Nc5 {[%clk
1:24:17]} 10. Re1 {[%clk 1:13:38]} Nxb3 {[%clk 1:21:54]} 11. Nxb3 {[%clk
1:13:59]} Be6 {[%clk 1:21:30]} 12. Be3 {[%clk 1:09:50]} Qc7 {[%clk 1:20:42]}
13. f4 {[%clk 1:06:42]} Rfd8 {[%clk 1:20:32]} 14. Qf3 {[%clk 1:04:43]} d5
{[%clk 1:17:20]} 15. e5 {[%clk 1:02:25]} Ne8 {[%clk 1:16:04]} 16. Rad1 {[%clk
0:58:21]} g6 {[%clk 1:13:08]} 17. Nc5 {[%clk 0:49:29]} Bf5 {[%clk 1:12:16]} 18.
g4 {[%clk 0:42:09]} Bxc2 {[%clk 1:10:45]} 19. Rd2 {[%clk 0:40:57]} Bxc5 {[%clk
1:10:33]} 20. Bxc5 {[%clk 0:38:16]} Be4 {[%clk 1:07:57]} 21. Nxe4 {[%clk
0:32:43]} dxe4 {[%clk 1:07:32]} 22. Rxd8 {[%clk 0:30:06]} exf3 {[%clk 1:01:59]}
23. Rxa8 {[%clk 0:30:18]} Qd7 {[%clk 1:02:20]} 24. Bd6 {[%clk 0:26:32]} Kg7
{[%clk 1:00:57]} 25. Rd1 {[%clk 0:25:20]} Nxd6 {[%clk 1:00:26]} 26. Rxd6 {[%clk
0:09:42]} Qc7 {[%clk 1:00:13]} 27. Rd2 {[%clk 0:06:17]} Qb6+ {[%clk 1:00:18]}
28. Kf1 {[%clk 0:05:33]} Qe3 {[%clk 1:00:30]} 29. Rad8 {[%clk 0:03:48]} Qxf4
{[%clk 1:00:39]} 30. R8d3 {[%clk 0:02:53]} Qg3 {[%clk 1:00:08]} 31. Rf2 {[%clk
0:00:44]} Qxh3+ {[%clk 1:00:21]} 32. Ke1 {[%clk 0:01:08]} Qxg4 {[%clk 1:00:28]}
33. Rdxf3 {[%clk 0:01:23]} Qe6 {[%clk 1:00:33]} 34. Re2 {[%clk 0:00:43]} Qxa2
{[%clk 1:00:45]} 35. Ra3 {[%clk 0:00:56]} Qb1+ {[%clk 1:01:03]} 36. Kf2 {[%clk
0:01:14]} a6 {[%clk 1:01:18]} 37. Rb3 {[%clk 0:01:16]} Qf5+ {[%clk 1:01:27]}
38. Ke1 {[%clk 0:01:16]} b5 {[%clk 1:01:30]} 39. Ra3 {[%clk 0:01:26]} h5 {[%clk
1:01:42]} 40. Rxa6 {[%clk 0:01:03]} h4 {[%clk 1:02:04]} 41. Rxc6 {[%clk
0:00:37]} h3 {[%clk 1:02:24]} 42. Rc3 {[%clk 0:27:03]} Qb1+ 0-1

[Event "DEM U12w 2021"]
[Site "Willingen GER"]
[Date "2021.08.26"]
[Round "6"]
[White "Halas, Neele Zoe"]
[Black "Moldovan, Tatiana"]
[Result "0-1"]
[Termination "normal"]
[Board "7"]
[WhiteElo "1494"]
[BlackElo "1437"]
[WhiteClock "00:31:30"]
[BlackClock "00:59:21"]
[PlyCount "94"]
[WhiteFideId "16287282"]
[BlackFideId "16287398"]
[EventCountry "GER"]
[EventRounds "9"]
[EventType "swiss"]
[EventDate "2021.08.22"]

1. e4 {[%clk 1:30:58]} c5 {[%clk 1:30:51]} 2. Nc3 {[%clk 1:31:22]} a6 {[%clk
1:31:06]} 3. f4 {[%clk 1:31:31]} e6 {[%clk 1:31:23]} 4. Nf3 {[%clk 1:31:02]} d5
{[%clk 1:31:41]} 5. a4 {[%clk 1:31:00]} Nc6 {[%clk 1:31:26]} 6. d3 {[%clk
1:30:38]} b6 {[%clk 1:28:25]} 7. g3 {[%clk 1:28:48]} Bb7 {[%clk 1:28:00]} 8.
Bg2 {[%clk 1:28:33]} dxe4 {[%clk 1:27:34]} 9. dxe4 {[%clk 1:27:57]} Qxd1+
{[%clk 1:26:36]} 10. Nxd1 {[%clk 1:26:27]} Nb4 {[%clk 1:26:25]} 11. Ne3 {[%clk
1:22:47]} Bxe4 {[%clk 1:24:54]} 12. c3 {[%clk 1:22:44]} Nd3+ {[%clk 1:24:43]}
13. Ke2 {[%clk 1:21:27]} Nxc1+ {[%clk 1:23:22]} 14. Raxc1 {[%clk 1:21:38]} Nf6
{[%clk 1:23:06]} 15. Ne5 {[%clk 1:20:04]} Bxg2 {[%clk 1:18:20]} 16. Nxg2 {[%clk
1:19:52]} Bd6 {[%clk 1:18:19]} 17. Nc4 {[%clk 1:19:02]} Bc7 {[%clk 1:18:18]}
18. Rhd1 {[%clk 1:17:44]} O-O {[%clk 1:12:25]} 19. Nh4 {[%clk 1:09:39]} Rad8
{[%clk 1:11:59]} 20. Nf3 {[%clk 1:09:20]} Nd5 {[%clk 1:11:12]} 21. Ne3 {[%clk
1:07:17]} Nxe3 {[%clk 1:11:21]} 22. Kxe3 {[%clk 1:07:37]} f6 {[%clk 1:10:16]}
23. Ke2 {[%clk 1:06:58]} e5 {[%clk 1:09:49]} 24. Rxd8 {[%clk 1:04:46]} Rxd8
{[%clk 1:10:08]} 25. fxe5 {[%clk 1:05:07]} Bxe5 {[%clk 1:09:54]} 26. Nxe5
{[%clk 1:05:13]} fxe5 {[%clk 1:10:18]} 27. Ke3 {[%clk 1:05:02]} Kf7 {[%clk
1:10:32]} 28. Rf1+ {[%clk 1:04:04]} Ke6 {[%clk 1:10:46]} 29. h3 {[%clk
1:04:16]} g6 {[%clk 1:10:03]} 30. g4 {[%clk 1:04:14]} g5 {[%clk 1:09:05]} 31.
Ke2 {[%clk 1:00:36]} c4 {[%clk 1:08:43]} 32. Rf3 {[%clk 0:55:41]} b5 {[%clk
1:05:43]} 33. axb5 {[%clk 0:47:06]} axb5 {[%clk 1:06:04]} 34. Re3 {[%clk
0:41:58]} Rf8 {[%clk 1:05:38]} 35. Ke1 {[%clk 0:39:13]} Kd5 {[%clk 1:05:26]}
36. Re2 {[%clk 0:36:32]} Rf3 {[%clk 1:05:34]} 37. Rh2 {[%clk 0:36:49]} Ke4
{[%clk 1:04:30]} 38. h4 {[%clk 0:36:19]} h6 {[%clk 1:04:06]} 39. hxg5 {[%clk
0:32:04]} hxg5 {[%clk 1:01:31]} 40. Rh6 {[%clk 0:30:42]} Rf4 {[%clk 0:59:53]}
41. Rb6 {[%clk 0:30:56]} Rxg4 {[%clk 1:00:00]} 42. Rxb5 {[%clk 0:31:16]} Rg2
{[%clk 0:58:22]} 43. b4 {[%clk 0:31:12]} cxb3 {[%clk 0:58:28]} 44. Rxb3 {[%clk
0:31:35]} Kd3 {[%clk 0:58:48]} 45. Rb5 {[%clk 0:31:50]} e4 {[%clk 0:58:53]} 46.
Re5 {[%clk 0:31:28]} e3 {[%clk 0:59:03]} 47. c4 {[%clk 0:31:30]} Rg1# {[%clk
0:59:21]} 0-1